| 000 | 00762nam a22002177a 4500 | ||
|---|---|---|---|
| 999 |
_c63323 _d63323 |
||
| 005 | 20240530110634.0 | ||
| 008 | 170919s2015 ua g 000 0 ara d | ||
| 017 |
_a5818 _bمصر. دار الكتب |
||
| 020 | _a9789773686116 | ||
| 040 |
_aEG-CaGPL _cEG-CaGPL |
||
| 082 | 0 | 4 |
_221 _a412\ _bهـ م |
| 100 | 0 | _aهدى فتحى عبدالعاطى . | |
| 245 | 1 | 0 |
_aمظاهر التركيب فى الكلمة العربية / _cهدى فتحى عبدالعاطى . |
| 250 | _aط.1 | ||
| 260 |
_aالاسكندرية : _bمؤسسة حورس الدولية ، _c2015 . |
||
| 300 |
_a439 ص ؛ _c24 سم . |
||
| 650 | 0 | 7 |
_2qrmak _aاللغة العربية _xالكلمات |
| 651 | _2qrmak | ||
| 942 |
_2ddc _cBK |
||